Creativity workout: 62 exercises to unlock your most creative ideas
Saved in:
| Hovedforfatter: | |
|---|---|
| Format: | Bog |
| Sprog: | engelsk |
| Udgivet: |
Berkeley
Ulysses Press
2008
|
| Fag: | |
| Tags: |
Tilføj Tag
Ingen Tags, Vær først til at tagge denne postø!
|
MARC
| LEADER | 00000nam a2200000 a 4500 | ||
|---|---|---|---|
| 001 | UCI9935 | ||
| 003 | CL-VaPUC | ||
| 008 | 081218e20080000US |||||||||||||||||eng|d | ||
| 020 | |a 9781569756409 | ||
| 082 | 0 | 4 | |a 658.312404 |b BON |2 21 |
| 100 | 0 | |a Bono, Edward de |e author |9 475301 | |
| 245 | 1 | 0 | |a Creativity workout: 62 exercises to unlock your most creative ideas |
| 300 | |a 177 p | ||
| 942 | |c BK | ||
| 945 | |d 20081218 00:00:00 |a rbrito | ||
| 260 | |a Berkeley |b Ulysses Press |c 2008 | ||
| 650 | 0 | |a Creatividad |9 310816 | |
| 650 | 7 | |a CAPACITACION LABORAL |2 CL-VaPUC |9 411356 | |
| 650 | 0 | |a Recursos humanos |9 228420 | |
| 650 | 0 | |a Resolución de problemas |9 407199 | |
| 650 | 0 | |a Inteligencia |9 267038 | |
| 583 | |a last modification |c 20081218 00:00:00 |k Rodrigo Vera | ||
| 999 | |c 332375 |d 332373 | ||
| 952 | |0 0 |1 0 |4 0 |6 658_312404000000000_BON_2008 |7 0 |8 A |9 420010 |a BIBING |b BIBING |d 2019-11-22 |i 4507533 |o 658.312404 BON 2008 |p 4507533 |r 2025-01-20 |w 2019-11-22 |y BK |k EII | ||